| 000 | 00435nam a2200193Ia 4500 | ||
|---|---|---|---|
| 008 | 210210b1961 xxu||||| |||| 00| 0 eng d | ||
| 041 | _aeng | ||
| 082 | _a829/173 | ||
| 100 | _aCONAN (Doyle) | ||
| 245 | _aHound of the Baskervilles | ||
| 260 |
_aLondon _bJohn Murray _c1961 |
||
| 650 | _athe | ||
| 650 | _aof | ||
| 650 | _aHound | ||
| 650 | _aBaskervilles | ||
| 690 | _aEnglish Fiction | ||
| 700 | _aARTHUR | ||
| 906 | _a016779 | ||
| 999 |
_c136466 _d136466 |
||